Les plus gros transferts du football - Nés en 2004 - Statistiques

Statistiques générales
  • Ce quiz a été pris 39 fois
  • Le résultat moyen est 3 sur 10
Statistiques - réponses
Montant de transfert (M €) Saison Nationalité Venant de Allant à Joueur % Correct
62,10 2023-2024 Belgique Southampton Chelsea Roméo Lavia
89%
22,26 2022-2023 Belgique Manchester City U21 Southampton Roméo Lavia
89%
27,00 2023-2024 Cameroun LOSC Lille Brighton Carlos Baleba
28%
27,00 2023-2024 France Stade Rennais Chelsea Lesley Ugochukwu
28%
32,50 2024-2025 Angleterre Chelsea Newcastle United Lewis Hall
25%
21,10 2023-2024 Angleterre Blackburb Crystal Palace Adam Wharton
8%
20,00 2023-2024 Brésil Flamengo Crystal Palace Matheus França
8%
15,00 2023-2024 Brésil Santos Chelsea Ângelo
3%
19,50 2024-2025 Ghana Nordsjaelland Brighton Ibrahim Osman
3%
17,00 2024-2025 Ghana Sporting CP Leicester City Issahaku Fatawu
3%
Aucun quiz correspondant
Distribution des résultats
% des personnes avec chaque résultat
Percentile par nombre de réponses
Votre historique - résultats
Vous n’avez pas pris ce quiz